| 000 | 00431nam a2200121Ia 4500 | ||
|---|---|---|---|
| 008 | 220616s9999||||xx |||||||||||||| ||und|| | ||
| 100 | _aJan Oxholm Gordeladze | ||
| 245 | 0 | _aAdiposity - Omics and Molecular Understanding | |
| 546 | _aEnglish[eng] | ||
| 650 | _aMedicine||Pediatric Endocrinology||Endocrinology||Health Sciences | ||
| 856 | _uhttps://www.intechopen.com/books/adiposity-omics-and-molecular-understanding | ||
| 942 | _cEB | ||
| 999 |
_c19643 _d19643 |
||